[Event "GER CupT"]
[Site "Germany"]
[Date "2010.02.21"]
[Round "2"]
[White "Grabow, Gilbert"]
[Black "Schuster, Martin"]
[Result "0-1"]
[WhiteElo "2336"]
[BlackElo "2222"]
[PlyCount "78"]
[EventDate "2010.02.20"]
[EventType "team-tourn"]
[EventRounds "2"]
[EventCountry "GER"]
[SourceTitle "CBM 135 Extra"]
[Source "ChessBase"]
[SourceDate "2010.05.04"]
[SourceVersion "1"]
[SourceVersionDate "2010.05.04"]
[SourceQuality "1"]

1. Nf3 d5 2. g3 Nf6 3. Bg2 e6 4. 0-0 Be7 5. d3 0-0 6. Nbd2 c5 7. e4 Nc6 8. Re1 Qc7 9. c3 b5 10. e5 Nd7 11. Qe2 a5 12. h4 Ba6 13. Nf1 b4 14. c4 Nb6 15. b3 a4 16. Bb2 Rad8 17. h5 Rd7 18. h6 g6 19. Ne3 a3 20. Bc1 dxc4 21. Nxc4 Rfd8 22. Bf4 Nd5 23. Bg5 Nc3 24. Qe3 Rxd3 25. Qf4 Nd5 26. Qe4 Nc3 27. Qh4 Bxc4 28. Qxc4 Bxg5 29. Nxg5 Nxe5 30. Qf4 Nf3+ 31. Nxf3 Qxf4 32. gxf4 Kf8 33. Kh2 Rd1 34. Bf1 Rxe1 35. Nxe1 Rd2 36. Nd3 Rxa2 37. Rc1 Rd2 38. Nxc5 a2 39. Nd3 Rd1 0-1

[Event "Berlin tt 0001"]
[Site "Berlin"]
[Date "2000.12.03"]
[Round "3.4"]
[White "Rennoch, Ralf"]
[Black "Grabow, Gilbert"]
[Result "0-1"]
[WhiteElo "2125"]
[BlackElo "2181"]
[PlyCount "48"]
[EventDate "2000.10.22"]
[EventType "team"]
[EventRounds "11"]
[EventCountry "GER"]
[SourceTitle "EXT 2007"]
[Source "ChessBase"]
[SourceDate "2006.11.23"]
[SourceVersion "1"]
[SourceVersionDate "2006.11.23"]
[SourceQuality "1"]

1. e4 c5 2. Nf3 e6 3. d3 Nc6 4. Be2 Nf6 5. c3 Qc7 6. Nbd2 d5 7. Qc2 Bd7 8. 0-0 Bd6 9. Re1 0-0-0 10. Nf1 h6 11. a3 dxe4 12. dxe4 g5 13. b4 g4 14. Nh4 Ne5 15. Be3 c4 16. b5 Bxb5 17. Bxa7 Bc5 18. Bxc5 Qxc5 19. Ne3 Nd3 20. Bxd3 cxd3 21. Qb2 d2 22. Red1 Nxe4 23. c4 Bxc4 24. g3 Qd4 0-1